Category Elimination - Football / Soccer #1 - Statistics

General Stats
  • This quiz has been taken 533 times
  • The average score is 18 of 20
Answer Stats
Group # Category
% Correct
Green 23 Champions league winners
99%
Green 15 … not an English or Spanish team
99%
Orange 8 Countries that won the World Cup
99%
Orange 6 ... more than one time
99%
Blue 45 Players that won the Ballon D’or
99%
Blue 10 ... more than once
99%
Blue 3 ... played for Barcelona
99%
Green 7 … that has won it more than one time
98%
Green 3 … is based in Italy
98%
Orange 4 … that has won a World Cup in the last five competitions
98%
Orange 3 … is an European country
97%
Orange 1 ... won it in 2006 Italy
96%
Green 1 … won it in 2010 Inter
95%
Purple 5 Who is the goatkeeper?
91%
Purple 4 ... not the Ballon D’or Winner
90%
Purple 3 ... not the icon one
87%
Blue 2 ... won it before the year 2000
81%
Purple 2 ... has not played with Thomas Muller
80%
Purple 1 ... Never won the Champions League Buffon
75%
Blue 1 ... isn’t R9 Cruyff
58%
No matching quizzes found
Score Distribution
Percent of People with Each Score
Percentile by Number Answered
Your Score History
You have not taken this quiz